| 000 | 00520nam a2200181Ia 4500 | ||
|---|---|---|---|
| 999 |
_c8951 _d8951 |
||
| 003 | OSt | ||
| 005 | 20201012112829.0 | ||
| 008 | 190216s9999||||xx |||||||||||||| ||und|| | ||
| 020 | _a9788125909521 | ||
| 040 | _coclc | ||
| 082 |
_a005.369 _bSAX/M |
||
| 100 |
_a Saxena, Sanjay _94380 |
||
| 245 | 0 |
_aMS Office 2000 For Everyone / _cSanjay Saxena |
|
| 260 |
_bVikas Publishing House, _aNew Delhi: _c2007. |
||
| 300 | _a535p | ||
| 650 | _aComputer | ||
| 942 |
_cBK _2ddc _h005.369 _iSAX/M _k005.369 _mSAX/M |
||